[Event "3rd Memorial Warakomska 2019"]
[Site "Suwalki"]
[Date "2019.08.05"]
[Round "1.1"]
[White "Iturrizaga Bonelli, Eduardo"]
[Black "Selbes, Tarik"]
[Result "1-0"]
[WhiteElo "2625"]
[BlackElo "2342"]
[Annotator "TA"]
[PlyCount "91"]
[EventDate "2019.08.05"]
[EventType "swiss"]
[EventCountry "POL"]
[SourceTitle "playchess.com"]
[Source "ChessBase"]
[SourceQuality "1"]

{[%evp 21,91,32,41,41,69,67,73,79,102,90,140,110,147,137,156,146,162,136,139,160,137,122,168,162,161,158,154,150,217,163,235,113,145,158,152,142,152,151,179,134,145,140,328,335,331,294,416,388,476,454,458,454,446,455,447,445,430,398,1329,1269,3426,3086,5397,5397,2931,2575,29974,29975,29977,29978,29977,29978]} 1. c4 Nf6 2. Nc3 g6 3. g3 Bg7 4. Bg2 O-O 5. d4 d6 6. Nf3 a6 7. O-O Nc6 8. d5 Na5 9. b3 c5 10. dxc6 bxc6 11. Bd2 Rb8 12. c5 {E63: King's Indian: Fianchetto: Panno Variation with 7...a6} d5 13. Bf4 Rb7 (13... Rb4 14. Be5 Bh6 15. Qe1 Ng4 16. Nd1 Rb5 17. Bb2 Rb8 18. Bc3 Nb7 19. b4 Bd7 {1-0 (43) Fressinet,L (2702)-Hebden,M (2490) Douglas 2015}) 14. Be5 {White is better.} Nh5 $146 ({Predecessor:} 14... Nd7 15. Bxg7 Kxg7 16. e4 e6 17. Rc1 {1-0 (88) Miciano,J (2339)-Agibileg,U (2403) Ulaanbaatar 2019}) 15. Na4 Bf5 16. Qd2 Be4 17. Bxg7 Nxg7 18. Nb6 Rxb6 19. cxb6 Qxb6 20. Ne5 Bxg2 21. Kxg2 {[#] And now Nd7 would win.} Rd8 22. b4 Nb7 23. Rfc1 Rd6 24. a4 Nf5 (24... Nd8 $16 {is a better defense.} 25. Nd3 Nde6) 25. Rab1 Re6 (25... Nd8 $142 26. e3 f6) 26. Nd7 (26. b5 $18 {[%cal Rb5c6] is more deadly.} cxb5 27. axb5 (27. Qxd5 Qd6 $16)) 26... Qd8 27. Nc5 Nxc5 28. Rxc5 Qb6 29. Rbc1 h5 30. R1c2 Kh7 31. Qc3 Qb7 $2 (31... Qa7 $16 {was worth a try.} 32. e3 (32. Rxc6 Rxc6 33. Qxc6 Qd4 $16) 32... Qb7) 32. Rxc6 $18 d4 {[#]} 33. Qf3 $1 {aiming for Rxe6.} d3 (33... Qxb4 $142 34. Rxe6 fxe6) 34. Rxe6 ({Don't take} 34. exd3 Re1 $18) 34... dxc2 35. Qxb7 c1=Q 36. Rxe7 Nxe7 37. Qxe7 {[%mdl 4096] Endgame KQ-KQ} Qc6+ 38. e4 Kg8 39. a5 f5 $2 (39... h4 40. Qd8+ Kg7 41. Qd4+ Kg8) 40. Qd8+ Kh7 41. Qd5 Qc8 42. exf5 gxf5 43. h4 Kg7 44. b5 {White mates.} axb5 45. Qxb5 Qa8+ 46. Kg1 {Accuracy: White = 71%, Black = 35%.} 1-0

[Event "3rd Memorial Warakomska 2019"]
[Site "Suwalki"]
[Date "2019.08.05"]
[Round "1.2"]
[White "Szpar, Milosz"]
[Black "Tomczak, Jacek"]
[Result "1-0"]
[WhiteElo "2289"]
[BlackElo "2623"]
[Annotator "TA"]
[PlyCount "81"]
[EventDate "2019.08.05"]
[EventType "swiss"]
[EventCountry "POL"]
[SourceTitle "playchess.com"]
[Source "ChessBase"]
[SourceQuality "1"]

{[%evp 11,81,14,13,9,16,2,8,0,0,0,23,1,11,10,8,-17,-12,-5,-7,-16,-25,-23,-13,-9,0,0,0,0,15,-3,0,0,0,0,0,0,0,0,0,0,-6,-6,0,0,9,10,151,155,369,369,387,369,369,369,366,357,358,343,364,369,373,371,374,370,382,382,389,386,379,347,373,364]} 1. e4 e6 2. d4 d5 3. Nd2 Be7 4. Bd3 c5 5. dxc5 Nf6 6. Qe2 O-O 7. Ngf3 {C03: French Tarrasch: Unusual Black 3rd moves} a5 8. O-O Na6 9. exd5 {The position is equal.} (9. e5 Nd7 10. c4 Ndxc5 11. Bb1 d4 12. Rd1 d3 13. Qe3 b6 14. Ne1 Bb7 15. Nxd3 {½-½ (57) Liang,A (2552)-So,W (2786) Saint Louis 2018}) 9... exd5 10. Nb3 Re8 (10... a4 {is more complex.} 11. Nbd4 Nxc5 12. Bb5 Bd7 13. Be3 Re8) 11. Bb5 Bd7 12. Bxd7 Qxd7 13. Be3 a4 14. Nbd4 Bxc5 $146 ({Predecessor:} 14... a3 15. bxa3 Bxc5 {0-1 (72) Zaw,W (2532)-Yu,S (2476) Bangkok 2004}) 15. h3 a3 16. bxa3 Ne4 17. Qb5 Qc8 18. Qb3 Nc7 19. a4 b6 20. Rfd1 Qd7 21. Nb5 $1 Bxe3 22. Qxe3 Nxb5 23. axb5 Qxb5 24. Rdb1 Qc5 25. Rxb6 Qxc2 26. a3 Ng3 27. Qb3 Ne2+ 28. Kf1 $1 Qe4 (28... Qc7 $11) 29. Re1 $36 {[%mdl 2048] Threatens to win with Rb4. White is on the roll.} Rac8 $2 {[#]} (29... d4 $16) 30. Qb5 $18 Qf4 {intending ...Ng3+!} 31. Rxe2 Rxe2 32. Qxe2 Qc1+ 33. Qe1 Qxa3 34. Rb1 h6 35. Kg1 Qd6 36. Rd1 Rd8 37. Qe3 Qd7 38. Ne5 Qe6 39. Qd4 Re8 40. Nd3 Qf5 41. Nb4 {Accuracy: White = 75%, Black = 34%.} 1-0

[Event "3rd Memorial Warakomska 2019"]
[Site "Suwalki"]
[Date "2019.08.05"]
[Round "1.3"]
[White "Stupak, Kirill"]
[Black "Czerw, Dawid"]
[Result "1/2-1/2"]
[WhiteElo "2560"]
[BlackElo "2326"]
[Annotator "TA"]
[PlyCount "91"]
[EventDate "2019.08.05"]
[EventType "swiss"]
[EventCountry "POL"]
[SourceTitle "playchess.com"]
[Source "ChessBase"]
[SourceQuality "1"]

{[%evp 10,91,7,-21,0,-27,-17,-20,-10,-19,-34,-31,0,0,0,9,26,16,46,35,58,31,39,3,10,0,37,5,29,0,22,22,45,14,25,8,11,0,35,32,77,61,73,45,45,72,70,54,64,62,40,43,59,35,62,55,60,56,60,31,35,35,41,0,40,16,70,0,0,-16,-52,-84,-87,-72,-66,-100,-84,-204,-191,-258,-231,-343,-258,-210]} 1. d4 Nf6 2. Nf3 e6 3. g3 d5 4. c4 dxc4 5. Bg2 Bb4+ 6. Nbd2 b5 {E04: Open Catalan: 5 Nf3} 7. a4 (7. O-O a5 8. a4 c6 9. b3 cxb3 10. Nxb3 bxa4 11. Rxa4 Ba6 12. Bd2 Bb5 13. Ra1 Nbd7 14. Bxb4 axb4 15. Qd2 O-O 16. Rxa8 Qxa8 17. Ra1 Qb8 18. Ne1 Qb6 {½-½ (18) Ipatov,A (2649)-Bruzon Batista,L (2664) Burlingame 2018}) 7... c6 8. O-O O-O {The position is equal.} 9. Qc2 Bb7 10. b3 cxb3 11. Nxb3 Nbd7 12. Ne1 Nd5 $146 ({Predecessor:} 12... a6 13. Nd3 Be7 14. Bd2 {1-0 (46) Stupak,K (2547)-Risting,E (2345) Budapest 2019}) 13. Nd3 {[#] And now Bxd5 would win.} Be7 14. Bd2 a6 15. Rfd1 Qb8 16. Ndc5 Nxc5 17. Nxc5 Qa7 18. Ba5 {[%mdl 1024] White has compensation.} Bd8 19. Bd2 Be7 20. Rdc1 Rac8 21. e3 ({But not} 21. Nxb7 Qxb7 22. Rab1 Qd7 $15) 21... Rfe8 22. Ba5 h6 23. Qb2 Bxc5 24. dxc5 Qb8 25. Rd1 Re7 26. Rd2 f5 27. e4 fxe4 28. Bxe4 Rf8 29. Re1 Qe8 30. Qe5 bxa4 31. Bb1 Qf7 32. Qe4 {[%csl Gb1][%cal Re4h7]} g5 33. Qxa4 Qg7 34. Qc2 Bc8 35. Rde2 e5 36. Qb2 {[%cal Re2e5]} Ref7 37. Ba2 {[#]} Kh8 ({Better is} 37... e4 $1 $11 {[%mdl 512]}) 38. Rxe5 (38. Rd2 $14) 38... Rxf2 $11 39. Qxf2 (39. Qa1 $5 {[%cal Ra2d5]} Kg8 40. Bc4 $11) 39... Rxf2 40. Kxf2 {Hoping for Re8+.} Qf8+ {[%mdl 64] Double Attack} 41. Kg2 Qxc5 42. Bd2 {aiming for Re8+.} Bg4 {...Qc2 is the strong threat.} 43. Bb1 (43. h3 $17 {was called for.} Bh5 44. Bxd5 cxd5 45. Be3) 43... Qd4 $19 44. Bc1 (44. Re8+ {might work better.} Kg7 45. Be3 Nxe3+ 46. R8xe3) 44... Qc3 45. Re8+ Kg7 46. Be3 {Accuracy: White = 33%, Black = 56%.} 1/2-1/2

[Event "3rd Memorial Warakomska 2019"]
[Site "Suwalki"]
[Date "2019.08.05"]
[Round "1.4"]
[White "Budrewicz, Krzysztof"]
[Black "Markowski, Tomasz"]
[Result "0-1"]
[WhiteElo "2188"]
[BlackElo "2537"]
[Annotator "RC"]
[PlyCount "96"]
[EventDate "2019.08.05"]
[EventType "swiss"]
[EventCountry "POL"]
[TimeControl "40/5400+30:1800+30"]

1. d4 {[%emt 0:00:00]} e6 {[%emt 0:00:00]} 2. c4 {[%emt 0:00:00]} Nf6 {[%emt 0:00:00]} 3. Nf3 {[%emt 0:00:13]} b6 {[%emt 0:00:00]} 4. g3 {[%emt 0:00:23]} Bb7 {[%emt 0:00:00]} 5. Bg2 {[%emt 0:00:27]} Bb4+ {[%emt 0:00:00]} 6. Nbd2 {[%emt 0:01:06]} O-O {[%emt 0:00:00]} 7. O-O {[%emt 0:00:38]} Be7 {[%emt 0:00:00]} 8. b3 {[%emt 0:08:42]} d6 {[%emt 0:00:18]} 9. Bb2 {[%emt 0:00:45]} Nbd7 {[%emt 0:00:04]} 10. Qc2 {[%emt 0:00:34]} c5 {[%emt 0:00:10]} 11. Rad1 {[%emt 0:04:57]} Qc7 {[%emt 0:01:08]} 12. Qb1 {[%emt 0:03:34]} a6 {[%emt 0:00:31]} 13. h3 {[%emt 0:06:27]} b5 {[%emt 0:05:13]} 14. Rfe1 {[%emt 0:04:38]} cxd4 {[%emt 0:03:17]} 15. Nxd4 {[%emt 0:01:01]} Bxg2 {[%emt 0:00:52]} 16. Kxg2 {[%emt 0:00:05]} bxc4 {[%emt 0:03:58]} 17. Nxc4 {[%emt 0:00:11]} d5 {[%emt 0:00:07]} 18. Nd2 {[%emt 0:01:14]} Rfc8 {[%emt 0:00:08]} 19. Qa1 {[%emt 0:04:34]} Qb7 {[%emt 0:02:20]} 20. Kg1 {[%emt 0:00:37]} Bb4 {[%emt 0:02:24]} 21. Rf1 {[%emt 0:05:43]} Qb6 {[%emt 0:06:10]} 22. Kg2 {[%emt 0:02:50]} Qb7 {[%emt 0:04:36]} 23. Kg1 {[%emt 0:17:18]} h6 {[%emt 0:01:47]} 24. Nb1 {[%emt 0:04:04]} e5 {[%emt 0:05:14]} 25. Nf3 {[%emt 0:00:42]} d4 {[%emt 0:01:02]} 26. Ne1 {[%emt 0:03:40]} Nd5 {[%emt 0:10:47]} 27. Nd3 {[%emt 0:02:11]} Ba5 {[%emt 0:08:21]} 28. Na3 {[%emt 0:01:52]} Nc3 {[%emt 0:03:35]} 29. Bxc3 {[%emt 0:01:14]} Bxc3 {[%emt 0:00:02]} 30. Qb1 {[%emt 0:00:07]} e4 {[%emt 0:00:10]} 31. Nf4 {[%emt 0:00:34]} Ne5 {[%emt 0:00:12]} 32. Ng2 {[%emt 0:05:55]} Rc5 {[%emt 0:02:45]} 33. Nc2 {[%emt 0:02:24]} Rd8 {[%emt 0:04:31]} 34. Nce1 {[%emt 0:07:32]} Rcc8 {[%emt 0:03:53]} 35. f4 {[%emt 0:02:12]} Nd7 {[%emt 0:00:35]} 36. Nc2 {[%emt 0:01:04]} Nf6 {[%emt 0:01:38]} 37. Na3 {[%emt 0:00:01]} Qa7 {[%emt 0:02:52]} 38. Kh2 {[%emt 0:00:11]} Qc5 {[%emt 0:00:13]} 39. Nc4 {[%emt 0:00:00]} Qh5 {[%emt 0:00:00]} 40. g4 {[%emt 0:00:00]} Nxg4+ {[%emt 0:00:00]} 41. Kg3 {[%emt 0:15:29]} Nf6 {[%emt 0:02:14]} 42. Qc2 {[%emt 0:00:03]} Qg6+ {[%emt 0:03:03]} 43. Kh2 {[%emt 0:01:16]} Nh5 {[%emt 0:00:29]} 44. e3 {[%emt 0:01:31]} Qg3+ {[%emt 0:00:56]} 45. Kg1 {[%emt 0:00:08]} Nf6 {[%emt 0:01:29]} 46. Qf2 {[%emt 0:03:49]} Qxh3 {[%emt 0:02:23]} 47. exd4 {[%emt 0:00:07]} Ng4 {[%emt 0:03:35]} 48. Qh4 {[%emt 0:00:04]} Bxd4+ {[%emt 0:01:10]} 0-1

[Event "3rd Memorial Warakomska 2019"]
[Site "Suwalki"]
[Date "2019.08.05"]
[Round "1.5"]
[White "Nasuta, Grzegorz"]
[Black "Chan, Kim Yew"]
[Result "1-0"]
[WhiteElo "2529"]
[BlackElo "2276"]
[Annotator "TA"]
[PlyCount "91"]
[EventDate "2019.08.05"]
[EventType "swiss"]
[EventCountry "POL"]
[SourceTitle "playchess.com"]
[Source "ChessBase"]
[SourceQuality "1"]

{[%evp 21,91,42,52,43,36,27,33,36,30,29,33,30,33,25,57,32,34,33,69,48,52,79,77,70,70,70,66,56,114,118,123,122,170,184,190,53,66,62,37,17,66,77,100,109,126,131,128,125,162,141,158,85,73,83,87,90,191,188,174,176,833,882,749,683,965,950,910,842,1383,1189,1457,995]} 1. e4 c5 2. Nf3 Nc6 3. d4 cxd4 4. Nxd4 g6 5. c4 Nf6 6. Nc3 d6 7. f3 Nxd4 8. Qxd4 Bg7 9. Be3 O-O 10. Qd2 Be6 11. Rc1 Qa5 12. b3 {B36: Sicilian: Maroczy Bind: Gurgenidze System} a6 13. Bd3 Rfc8 14. Ne2 {White is slightly better.} (14. Na4 Qxd2+ 15. Kxd2 Nd7 16. Nc3 b5 17. Nd5 Bxd5 18. cxd5 b4 19. Rxc8+ Rxc8 {½-½ (60) So,W (2762)-Guseinov,G (2664) chess.com INT 2019}) 14... Qxd2+ 15. Kxd2 Nd7 16. Nf4 Nc5 17. Be2 a5 18. h4 h5 19. Rcg1 $146 ({Predecessor:} 19. g4 hxg4 {1-0 (29) White,K (2075)-Weiss,F (2010) IECG email 2002}) 19... Bh6 20. Nxe6 Bxe3+ 21. Kxe3 {aiming for Nf4.} Nxe6 22. f4 a4 {Black wants to play ...axb3.} 23. b4 $1 Kg7 24. a3 Ra6 (24... Rh8 $14) 25. g4 $16 hxg4 26. Rxg4 Kf6 27. h5 Rh8 28. Rgg1 (28. h6 $18) 28... gxh5 $14 29. Bxh5 Rc6 30. Be2 (30. c5 {with more complications.} Rcc8 31. Bg4 Rxh1 32. Rxh1 Rg8 33. Rh6+) 30... Rxh1 31. Rxh1 $11 {[%mdl 4096] Endgame KRB-KRN} Nf8 32. Rh5 Nd7 33. Rf5+ Kg7 34. Ra5 Nb6 35. Kd4 f6 {[#]} 36. c5 ({Better is} 36. e5 $1) 36... e5+ $16 37. fxe5 fxe5+ 38. Kc3 {And now Rb5 would win.} dxc5 (38... Kf6 $16) 39. bxc5 $18 {Threatens to win with Rb5.} ({Resist} 39. Rxc5 $6 Kf6 $14) 39... Nd7 40. Kb4 b6 $2 {[#]} (40... Rc7 41. Bc4 Nb8) 41. Ra7 $1 {White is clearly winning.} bxc5+ 42. Kc3 Rd6 43. Bb5 Rb6 44. Rxd7+ Kf6 45. Kc4 Ke6 46. Rc7 {Accuracy: White = 67%, Black = 39%.} 1-0

[Event "3rd Memorial Warakomska 2019"]
[Site "Suwalki"]
[Date "2019.08.05"]
[Round "1.6"]
[White "Reza, Wojciech"]
[Black "Czarnota, Pawel"]
[Result "1/2-1/2"]
[WhiteElo "2261"]
[BlackElo "2534"]
[Annotator "TA"]
[PlyCount "40"]
[EventDate "2019.08.05"]
[EventType "swiss"]
[EventCountry "POL"]
[SourceTitle "playchess.com"]
[Source "ChessBase"]
[SourceQuality "1"]

{[%evp 18,40,43,33,40,44,53,44,59,42,49,4,22,11,37,45,59,62,93,87,110,19,81,36,139]} 1. d4 Nf6 2. c4 g6 3. Nf3 Bg7 4. e3 d6 5. Be2 Nbd7 6. O-O O-O 7. Nc3 e5 8. Qc2 Re8 9. Rd1 e4 10. Nd2 {[%cal Rc3e4]} Qe7 {E61: King's Indian: Early deviations for White, including Smyslov System} 11. b4 Nf8 {[%cal Bd7f8,Bf8h7,Bh7g5][%mdl 32]} 12. Bb2 h5 13. Rac1 N8h7 14. d5 h4 (14... a5 $5 {[%cal Ra5b4]}) 15. h3 Ng5 16. Bf1 Bf5 17. c5 {[#]} a6 $146 ({Predecessor:} 17... Nd7 18. Nb5 {1-0 (48) Dreev,A (2667)-Korobov,A (2680) Dubai 2014}) 18. Nc4 Rad8 19. Qe2 (19. Na4 $16) 19... Nh5 (19... dxc5 $11 20. bxc5 Qxc5) 20. Kh1 Nf6 {Accuracy: White = 42%, Black = 17%.} (20... dxc5 $14 21. d6 cxd6) 1/2-1/2

[Event "3rd Memorial Warakomska 2019"]
[Site "Suwalki"]
[Date "2019.08.05"]
[Round "1.7"]
[White "Shyam, Sundar M."]
[Black "Sernecki, Franciszek"]
[Result "1-0"]
[WhiteElo "2520"]
[BlackElo "2275"]
[Annotator "TA"]
[PlyCount "103"]
[EventDate "2019.08.05"]
[EventType "swiss"]
[EventCountry "POL"]
[SourceTitle "playchess.com"]
[Source "ChessBase"]
[SourceQuality "1"]

{[%evp 16,103,30,-4,16,0,19,22,21,9,26,20,12,5,13,14,47,18,22,0,0,0,0,0,0,0,0,-18,-36,-27,-12,-18,-29,-28,0,0,24,-37,-20,-17,0,-66,-12,-18,0,-10,0,0,0,0,0,-49,48,44,257,140,232,216,466,451,419,442,454,441,743,733,729,694,697,659,907,881,816,760,1324,1230,832,832,1212,1184,898,775,1248,1250,2848,2754,29982,29982,29993,29994]} 1. e4 e6 2. d4 d5 3. Nc3 dxe4 4. Nxe4 Nd7 5. Bd3 Ngf6 6. Qe2 c5 7. Nxf6+ Nxf6 8. dxc5 Bxc5 9. Bd2 O-O {C10: French with 3 Nc3: Unusual Black 3rd moves and 3...dxe4} 10. O-O-O Qc7 (10... e5 11. Bc3 Qb6 12. Qxe5 Bxf2 13. Nf3 Bg4 14. Kb1 Rfe8 15. Qf4 Be3 16. Qa4 Bh5 17. Rhe1 Rac8 18. Ba5 Qc5 19. Bb4 Qc7 20. Bc3 Qb6 21. Ba5 Qc5 22. Bb4 Qc7 23. Bc3 Qb6 {½-½ (23) Stany,G (2476)-Meier,G (2657) Biel 2016}) 11. Nf3 b6 {The position is equal.} 12. Ne5 Bb7 13. Rhe1 Rac8 14. Kb1 Rfd8 $146 ({Predecessor:} 14... Bd6 15. f4 {1-0 (28) Schiffer,K (2334)-Mundorf,J (1665) Germany 2009}) 15. f4 Bd6 16. g4 Nd5 17. g5 (17. c3 {feels hotter.} g6 18. Bc2 a5 19. Bb3 Rb8 20. Bxd5 Bxd5 21. c4) 17... Bxe5 18. Qxe5 Qxe5 19. fxe5 g6 20. a4 Ne7 21. a5 Bf3 22. Rc1 Bg4 23. axb6 axb6 24. Bb4 Nc6 (24... Nd5 {looks sharper.} 25. Bd6 Bf5 26. Bb5 Ra8 27. Bc6 Ra5) 25. Bd6 Bf5 26. Bxf5 ({White should try} 26. Ba6 $11) 26... exf5 (26... gxf5 {is more complex.} 27. Re3 Na5 28. h4 Nb7 29. Rd1 Nc5) 27. Rcd1 Rd7 28. Rd3 ({White should play} 28. e6 $11 fxe6 29. Rxe6) 28... Re8 (28... Nd8 $15) 29. h4 $11 Na5 30. b3 Nb7 {Hoping for ...Rxd6!} 31. Red1 h6 32. gxh6 Kh7 33. c4 Red8 (33... Nc5 $15 34. Bxc5 Rxd3 35. Rxd3 bxc5) 34. Kc2 $14 Na5 $2 {[#]} (34... f6 $14) 35. Kc3 (35. Bc7 $1 $18 {[%mdl 512]} Rxd3 (35... Rxc7 36. Rxd8) 36. Rxd3) 35... Nc6 {[#]} (35... Nb7 $16) 36. b4 $1 $18 Rc8 $2 {[#]} (36... Na7 {keeps fighting.} 37. b5 Re8) 37. e6 $1 {[%mdl 512]} fxe6 38. Bf4 Rxd3+ 39. Rxd3 {[%mdl 4096] Endgame Rd7+ is the strong threat. KRB-KRN} e5 (39... Nb8 $142 40. b5 e5) 40. Rd7+ Kh8 41. Bg5 {White threatens Bf6+ and mate.} Rf8 {Black hopes to continue with ...f4.} 42. Rd6 $1 {[%csl LRc6,LRg6]} Rc8 43. b5 {White wants to mate with Rd7.} Nd4 44. Rxb6 f4 45. Bf6+ Kh7 46. Bxe5 Ne2+ 47. Kd3 f3 48. Rf6 Rd8+ 49. Ke4 Ng1 50. b6 {[%cal Bb5b6,Bb6b7][%mdl 32]} Rc8 51. b7 Rxc4+ 52. Kd3 {Accuracy: White = 64%, Black = 32%.} 1-0

[Event "3rd Memorial Warakomska 2019"]
[Site "Suwalki"]
[Date "2019.08.05"]
[Round "1.8"]
[White "Nowak, Lukasz"]
[Black "Jakubowski, Krzysztof"]
[Result "0-1"]
[WhiteElo "2264"]
[BlackElo "2528"]
[Annotator "TA"]
[PlyCount "38"]
[EventDate "2019.08.05"]
[EventType "swiss"]
[EventCountry "POL"]
[SourceTitle "playchess.com"]
[Source "ChessBase"]
[SourceQuality "1"]

{[%evp 12,58,62,62,62,62,89,70,77,77,68,10,2,0,0,-23,-12,0,0,-63,-63,-299,-254,-332,-326,-468,-476,-458,-459,-1099,-808,-1291,-1285,-1291,-1291,-1289,-1286,-1279,-1275,-1239,-1226,-1190,-1169,-5989,-5975,-5397,-5381,-1579,-1337]} 1. d4 Nf6 2. c4 b6 3. Nf3 Bb7 4. Nc3 e6 5. a3 g6 6. Qc2 Bxf3 7. exf3 Bg7 {E12: Queen's Indian: Unusual White 4th moves, 4 a3, 4 Nc3 Bb7 5 a3 and 4 Nc3 Bb7} (7... Nc6 8. Be3 Bg7 9. Rd1 O-O 10. Bd3 Ne7 11. O-O c6 12. Ne2 d5 13. Rc1 Qd7 14. Rfd1 a5 15. Bf4 {½-½ (38) Kempinski,R (2574)-Rapport,R (2726) Germany 2019}) 8. Be3 O-O 9. O-O-O c6 {White is slightly better.} 10. h4 d5 11. g4 (11. Kb1 $14) 11... dxc4 $1 $11 12. Bxc4 b5 $1 {[%cal Rb5c4]} 13. Ba2 $146 ({Predecessor:} 13. Bd3 b4 14. axb4 a5 15. b5 cxb5 {1-0 (33) Golod,V (2568)-Winants,L (2514) Antwerp 1999}) 13... b4 14. axb4 a5 15. bxa5 ({White should try} 15. b5 $11) 15... Na6 $15 16. Qd2 $2 (16. Bc4 $15) 16... Nb4 $19 17. Bb1 Qxa5 18. Bh6 (18. Qe2 $142 Qa1 19. h5) 18... Bxh6 {Black is clearly winning.} 19. Qxh6 {Threatening h5.} Rfb8 {Played: Qa5-a1} 0-1

[Event "3rd Memorial Warakomska 2019"]
[Site "Suwalki"]
[Date "2019.08.05"]
[Round "1.9"]
[White "Zakhartsov, Viacheslav V."]
[Black "Szadkowski, Kamil"]
[Result "1-0"]
[WhiteElo "2518"]
[BlackElo "2245"]
[Annotator "TA"]
[PlyCount "59"]
[EventDate "2019.08.05"]
[EventType "swiss"]
[EventCountry "POL"]
[SourceTitle "playchess.com"]
[Source "ChessBase"]
[SourceQuality "1"]

{[%evp 14,59,81,56,72,70,73,27,38,26,13,7,65,62,66,56,82,70,74,41,44,41,41,41,41,37,41,36,60,64,46,44,61,-565,143,190,470,481,466,459,471,471,29981,29982,29982,29983,29981,29981]} 1. d4 Nf6 2. c4 g6 3. Nc3 Bg7 4. e4 d6 5. Nf3 O-O 6. Be2 e5 7. d5 Ne8 8. h4 h6 {E92: King's Indian: Classical: 6 Be2 e5: 7 dxe5, 7 Be3 and Petrosian System without 7...Nbd7} (8... h5 9. Bg5 Nf6 10. Nd2 Nbd7 11. g4 hxg4 12. Bxg4 Qe8 13. Be2 Nh7 14. Qc2 f6 15. Be3 f5 16. f3 {1-0 (28) Kempinski,R (2590)-Svoboda,V (2428) Czechia 2014}) 9. h5 {hxg6 is the strong threat.} g5 10. Nh2 f5 $1 {White has an edge.} 11. exf5 Bxf5 12. Nf1 $146 ({Predecessor:} 12. Bd3 Qd7 13. Nf1 a5 14. Ng3 Bxd3 15. Qxd3 Qg4 16. Nce4 {1-0 (38) Naumkin,I (2445)-Dupont,A (1908) Lille 2015}) 12... Na6 ({Black should play} 12... e4 $11) 13. Ng3 $14 Bh7 14. Bd3 Bxd3 15. Qxd3 Nc5 16. Qe2 e4 17. Ncxe4 Nxe4 18. Qxe4 Qd7 19. O-O Nf6 20. Qg6 Ng4 21. Bd2 Ne5 22. Qc2 Qg4 23. c5 $2 {[%mdl 8192]} (23. Bc3 $1 $14 {keeps the upper hand.}) 23... dxc5 $2 (23... Qh4 $19 {( -> ...Ng4)} 24. Nf5 Rxf5 25. Qxf5 Ng4) 24. Rae1 $16 c4 $2 (24... Rad8 {is a better defense.}) 25. Re4 $18 Qd7 {[#]} 26. Bc3 $1 Rae8 27. Rfe1 Nf7 (27... Nd3 $18) 28. Rxe8 {White mates.} Rxe8 29. Rxe8+ Qxe8 {[#]} 30. Qg6 $1 {[%mdl 512] Accuracy: White = 66%, Black = 41%.} 1-0

[Event "3rd Memorial Warakomska 2019"]
[Site "Suwalki"]
[Date "2019.08.05"]
[Round "1.10"]
[White "Szostko, Jakub"]
[Black "Greenfeld, Alon"]
[Result "0-1"]
[WhiteElo "2245"]
[BlackElo "2522"]
[Annotator "TA"]
[PlyCount "58"]
[EventDate "2019.08.05"]
[EventType "swiss"]
[EventCountry "POL"]
[SourceTitle "playchess.com"]
[Source "ChessBase"]
[SourceQuality "1"]

{[%evp 9,58,42,42,39,42,36,47,42,39,35,51,29,20,18,21,13,15,3,7,-67,-60,-95,-85,-95,-91,-111,-77,-87,-87,-81,-76,-135,-137,-111,-122,-137,-137,-124,-103,-133,-129,-139,-129,-137,-122,-135,-135,-1994,-1960,-29986,-29985]} 1. e4 c5 2. Nf3 Nc6 3. Bb5 e5 4. O-O Bd6 5. c3 a6 6. Ba4 {B30: Sicilian: 2...Nc6 3 Bb5, lines without ...g6} (6. Bxc6 dxc6 7. d4 exd4 8. cxd4 Bg4 9. e5 Bc7 10. dxc5 Qxd1 11. Rxd1 Bxf3 12. gxf3 Bxe5 {½-½ (31) Giri,A (2797)-Rapport,R (2726) Shenzhen 2019}) 6... Nge7 7. d4 cxd4 8. cxd4 {White is slightly better.} exd4 9. Nxd4 O-O 10. Nf3 $146 ({Predecessor:} 10. Nc3 Bc5 11. Be3 Nxd4 12. Bxd4 {1-0 (47) Deepan Chakkravarthy,J (2466)-Jobava,B (2672) Dubai 2016}) 10... Bc5 11. Nc3 d6 12. h3 Be6 13. Bb3 Ne5 14. Nd4 {[#]} ({White should try} 14. Na4 $11 N7c6 15. Nxe5 Nxe5 16. Bxe6 (16. Nxc5 dxc5 17. Bxe6 fxe6 $11) 16... fxe6 17. Qb3) 14... Bxh3 $1 $15 {[%mdl 512]} 15. Bg5 (15. gxh3 Bxd4) 15... Qd7 {Strongly threatening ...Bxd4.} 16. f3 ({But not} 16. gxh3 $2 Qxh3 17. Qd2 (17. Bxe7 $2 Bxd4 18. Bxd6 Rfd8 $19) 17... Bxd4 $19) 16... Be6 17. Kh1 b5 {[%cal Bb7b5,Bb5c4][%mdl 32]} 18. Nxe6 fxe6 19. f4 Nc4 20. Bxc4 (20. Qg4 $142) 20... bxc4 $17 21. Qa4 Qe8 {( -> ...Qh5+)} 22. Qxe8 Raxe8 23. Na4 Ba7 24. Rad1 Ng6 25. f5 exf5 26. exf5 Ne5 {White must now prevent ...Nd3.} 27. Rxd6 Ng4 {aiming for ...Rxf5!} 28. Rxa6 $2 {[%mdl 8192] [#]} (28. Rd5 $17) 28... Rxf5 $1 $19 {[%cal Rf5f1][%mdl 512]} 29. Rb1 (29. Rxf5 Re1+) 29... Bf2 {Accuracy: White = 41%, Black = 85%.} 0-1